| 000 | 00786nam a22002417a 4500 | ||
|---|---|---|---|
| 003 | 0 | ||
| 005 | 20180630174105.0 | ||
| 008 | 0 | ||
| 010 | _aB-161112 | ||
| 020 |
_c00.00 _a8126904488 |
||
| 035 | _aB-161112, B-161113 | ||
| 037 | _bCen Lib/Ret | ||
| 040 |
_aDPL _bEN _c0 |
||
| 082 |
_a956 _bCHA |
||
| 100 |
_aChaurasia, Radhey Shyam _937516 |
||
| 245 |
_aHistory of middle east / _cby Radhey Shyam Chaurasia |
||
| 260 |
_aNew Delhi _bAtlantic _c2005 |
||
| 270 |
_bNew Delhi _aB-2, Vishal Enclave, Opp. Rajouri Garden _e110027 |
||
| 300 |
_aviii,455p. _c20cm(Hb) |
||
| 650 |
_aMiddle East -- History _937517 |
||
| 650 |
_aMiddle East -- Civilization _937518 |
||
| 942 |
_2ddc _cEN _h956 _mCHA |
||
| 999 |
_c133297 _d133297 |
||